Corazones, no solo cabezas en la escuela.

Shranjeno v:
Bibliografske podrobnosti
Glavni avtor: Neill, A.S (autor)
Drugi avtorji: Grossi, Carmen (traducción) (traducción)
Format: Knjiga
Jezik:španščina
Teme:
Oznake: Označite
Brez oznak, prvi označite!

MARC

LEADER 00000cam^a2200000uu^4500
001 000473999
005 20250521000000.0
008 050901s1975^^^^^^^^^^^^rd^r^^000^0^spa^d
009 20260310124727.606
035 |a FCE 000016845 
035 |a FCE 015423 
037 |a Acervo ITESO - Biblioteca 
041 |a spa 
082 0 4 |a 371.36  |b NEIc 
100 |a Neill, A.S.  |e (autor) 
245 1 0 |a Corazones, no solo cabezas en la escuela. 
264 |a México :  |b Editores Mexicanos Unidos,  |c 1975. 
300 |a 163 p. 
336 |a texto  |b txt  |2 rdacontenido 
337 |a sin mediación  |b n  |2 rdamedio 
338 |a volumen  |b nc  |2 rdasoporte 
649 |a XX 
650 |a Educación del niño 
650 |a Método de enseñanza 
650 |a Método de educación 
650 |a Proceso de aprendizaje 
650 |a Educación infantil 
700 |a Grossi, Carmen  |e (traducción) 
910 |a Fondo Centro de Estudios Educativos 
920 |a Impresos - Libros 
930 |a Fondos Especiales 
905 |a 133 
901 |a ALE015423  |b IT2  |c CEE  |u 20250521 
902 |a https://opac.biblio.iteso.mx/vufind/Record/000473999